UM Logo

Compensation level among employees in selected department stores in Digos City/ (Record no. 2688)

MARC details
000 -LEADER
fixed length control field 00621nam a22001577a 4500
008 - FIXED-LENGTH DATA ELEMENTS--GENERAL INFORMATION
fixed length control field 160525b xxu||||| |||| 00| 0 eng d
082 ## - DEWEY DECIMAL CLASSIFICATION NUMBER
Edition number 2010
Classification number UT 0224
Item number D15
100 ## - MAIN ENTRY--PERSONAL NAME
9 (RLIN) 8863
Personal name Dalagonan, Estela Grace.
245 ## - TITLE STATEMENT
Title Compensation level among employees in selected department stores in Digos City/
Statement of responsibility, etc. Estela Grace Dalagonan, Amily Lomugdang and Jimmelyn Cortez.
260 ## - PUBLICATION, DISTRIBUTION, ETC. (IMPRINT)
Place of publication, distribution, etc. Digos City:
Name of publisher, distributor, etc. UMDC
Date of publication, distribution, etc. April 2010.
300 ## - PHYSICAL DESCRIPTION
Extent 38 pages;
Dimensions 28 cm.
650 #0 - SUBJECT ADDED ENTRY--TOPICAL TERM
9 (RLIN) 8862
Topical term or geographic name as entry element Business Administration
Form subdivision Marketing Management
General subdivision Undergraduate thesis.
700 ## - ADDED ENTRY--PERSONAL NAME
9 (RLIN) 8860
Personal name Lomugdang, Amily.
700 ## - ADDED ENTRY--PERSONAL NAME
9 (RLIN) 8861
Personal name Cortez, Jimmalyn
942 ## - ADDED ENTRY ELEMENTS (KOHA)
Source of classification or shelving scheme Dewey Decimal Classification
Koha item type Undergraduate Thesis
Holdings
Withdrawn status Lost status Source of classification or shelving scheme Damaged status Not for loan Collection code Home library Current library Date acquired Total Checkouts Full call number Barcode Date last seen Price effective from Koha item type
    Dewey Decimal Classification     Undergraduate Theses UM Digos College - LIC UM Digos College - LIC 05/25/2016   UT 0224 D15 2010 UT0224 05/25/2016 05/25/2016 Undergraduate Thesis